Statistics for Countries Blacked Out - Europe

Click here to take the quiz!

General Stats

  • This quiz has been taken 110 times
  • The average score is 17 of 17

Answers on the Map

Answers color-coded by a green-red scale on the quiz's map according to % correct below.
 

Answer Stats

Answer% Correct
Estonia
100%
Finland
100%
France
100%
Latvia
100%
Norway
100%
Poland
100%
Russia
100%
Spain
100%
Sweden
100%
Belarus
99%
Denmark
99%
Germany
99%
Romania
99%
Ukraine
99%
Andorra
98%
Slovakia
98%
Hungary
97%

Score Distribution

Percentile by Number Answered

Percent of People with Each Score

Your Score History

You have not taken this quiz